Score 0/37 Timer 10:00
0 Plays Today
% Correct
Command
100%
Administration (Daybreak)
100%
FTL Control
75%
Weapons Control
75%
Communications
75%
Admiral's Quarters
75%
Research Lab
75%
Hangar Deck
75%
Armory
75%
Sickbay
75%
Brig
75%
Quorum Chambers
75%
Press Room (Base)
75%
Administration (Base)
75%
Caprica
75%
Cylon Fleet
75%
Resurrection Ship (Base)
75%
Human Fleet (Pegasus)
75%
Airlock
75%
% Correct
Main Batteries
75%
Engine Room
75%
Detention
75%
Occupation Authority
75%
Shipyard
75%
Basestar Bridge
75%
Bridge
75%
Captain's Cabin
75%
Press Room (Daybreak)
50%
Resurrection Ship (Pegasus)
50%
Pegasus CIC
50%
Resistance HQ
50%
Breeder's Canyon
50%
Tactical Plot
50%
Raider Bay
50%
Human Fleet (Base)
25%
Datastream
25%
Hybrid Tank
25%
Remove Ads.
Support Sporcle.
Get the best of Sporcle when you Go Orange. This ad-free experience offers more features, more stats, and more fun while also helping to support Sporcle. Thank you for becoming a member.

You're not logged in!

Compare scores with friends on all Sporcle quizzes.
OR
Log In

Show Comments

Extras

Top Quizzes Today


Score Distribution

Your Account Isn't Verified!

In order to create a playlist on Sporcle, you need to verify the email address you used during registration. Go to your Sporcle Settings to finish the process.

Report this User

Report this user for behavior that violates our Community Guidelines.

Details: